| 000 | 00507cam a2200157 i 4500 | ||
|---|---|---|---|
| 020 | _a0442229836 | ||
| 082 | 0 | 0 |
_a624.171 _bGUT _cD |
| 100 | 1 |
_aGutkowski, Richard M. _942710 |
|
| 245 | 1 | 0 |
_aStructures, fundamental theory and behavior / _cRichard M. Gutkowski. |
| 260 |
_aNew York : _bVan Nostrand Reinhold Co., _cc1981. |
||
| 300 |
_axii, 511 p. ; _c26 cm. |
||
| 500 | _aIncludes index. | ||
| 526 |
_a0 _b0 _c0 _d624_171000000000000_GUT |
||
| 650 | 0 |
_aStructural analysis (Engineering) _9654 |
|
| 942 |
_2ddc _cBK |
||
| 999 |
_c546555 _d546555 |
||